000 00378nam a2200145Ia 4500
008 230718s9999 xx 000 0 und d
041 _aeng
082 _a954.001
_bLON
100 _aLonely Planet Pub
_9146545
245 _aIndia
260 _c1999
_bLonely Planet
365 _cRs.
_b795.00
700 _aLonely Planet Pub
_9146545
906 _dB:3383103-Apr-2000
_cCHEM
_b119.25
999 _c300247
_d300247